000 00771nam a2200205 a 4500
001 000041869
005 20201002035812.0
008 131018s2004 sp 000 0 spa d
020 _a8400082702
040 _aDO-SdBNP
_bspa
_cBNPHU
100 1 _aCheca Beltrán, José
_968756
245 1 0 _aPensamiento Literario del siglo XVIII Español :
_bAntología Comentada /
_cJosé Checa Beltrán.
260 _aMadrid :
_bCSIC,
_c2004.
300 _a341 p. ;
_c25 cm.
490 1 _aAnejos de revista de literatura
_v63
504 _aIncluye referencias bibliográficas y notas al pie de las páginas
504 _aBibliografía : p. 329 -341
710 2 _aConsejo Superior de Investigación Científicas (España)
_964047
830 0 _aAnejos de revista de literatura
_v63
_915426
999 _c41358
_d41358